000
00316nam a2200133Ia 4500
005
20251222153554.0
008
251222s9999||||xx |||||||||||||| ||spa||
082
_a
150/M22A
100
_a
Mandino, Og
245
0
_a
El Vendedor Más Grande del Mundo
250
_a
1ra.ed.
264
_b
Editorial Diana
942
_c
LIB
999
_c
30961
_d
30961